ბათუმის შოთა რუსთაველის სახელმწიფო უნივერსიტეტის ბიბლიოთეკა

Международний Неврологический Журнал : (ბიბ.ჩანაწერი № 56901)

000 -LEADER
fixed length control field 00830nam a22001697a 4500
005 - DATE AND TIME OF LATEST TRANSACTION
control field 20190612150533.0
008 - FIXED-LENGTH DATA ELEMENTS--GENERAL INFORMATION
fixed length control field 190612b2019 ||||| |||| 00| 0 rus d
020 ## - INTERNATIONAL STANDARD BOOK NUMBER
Qualifying information 2224-0713
245 ## - TITLE STATEMENT
Title Международний Неврологический Журнал :
Remainder of title 2018 № 5 (99) International Neurological Journal /
Statement of responsibility, etc. Глав: Ред: Станислав Эвтушенко.
260 ## - PUBLICATION, DISTRIBUTION, ETC.
Place of publication, distribution, etc. Донецьк :
Name of publisher, distributor, etc. Заславскии,
Date of publication, distribution, etc. 2018.
300 ## - PHYSICAL DESCRIPTION
Extent V.
653 ## - INDEX TERM--UNCONTROLLED
Uncontrolled term პერიოდიკა
653 ## - INDEX TERM--UNCONTROLLED
Uncontrolled term საერთაშორისო ნევროლოგიური ჟურნალი
653 ## - INDEX TERM--UNCONTROLLED
Uncontrolled term Международний Неврологический Журнал
700 ## - ADDED ENTRY--PERSONAL NAME
Personal name Эвтушенко Станислав
Relator term მთავარი რედაქტორი
9 (RLIN) 2452
942 ## - ADDED ENTRY ELEMENTS (KOHA)
Source of classification or shelving scheme
Koha item type პერიოდიკა
ეგზემპლარები
Withdrawn status Lost status Source of classification or shelving scheme Damaged status Not for loan Permanent Location Current Location Date acquired Serial Enumeration / chronology Barcode Date last seen Copy number Price effective from Koha item type
        შიდა ფონდი ბათუმის შოთა რუსთაველის სახელმწიფო უნივერსიტეტის მთავარი ბიბლიოთეკა ბათუმის შოთა რუსთაველის სახელმწიფო უნივერსიტეტის მთავარი ბიბლიოთეკა 2019-06-12 №5 (99) 2018 p80091 2019-06-12 p80091 2019-06-12 პერიოდიკა
        შიდა ფონდი ბათუმის შოთა რუსთაველის სახელმწიფო უნივერსიტეტის მთავარი ბიბლიოთეკა ბათუმის შოთა რუსთაველის სახელმწიფო უნივერსიტეტის მთავარი ბიბლიოთეკა 2019-06-12 № 6 (100) 2018 p80092 2019-06-12 p80092 2019-06-12 პერიოდიკა
        შიდა ფონდი ბათუმის შოთა რუსთაველის სახელმწიფო უნივერსიტეტის მთავარი ბიბლიოთეკა ბათუმის შოთა რუსთაველის სახელმწიფო უნივერსიტეტის მთავარი ბიბლიოთეკა 2019-06-12 № 7 (101) 2018 p80093 2019-06-12 p80093 2019-06-12 პერიოდიკა
        შიდა ფონდი ბათუმის შოთა რუსთაველის სახელმწიფო უნივერსიტეტის მთავარი ბიბლიოთეკა ბათუმის შოთა რუსთაველის სახელმწიფო უნივერსიტეტის მთავარი ბიბლიოთეკა 2019-06-12 № 8 (102) 2018 p80094 2019-06-12 p80094 2019-06-12 პერიოდიკა